00829cam a22002414a 45000010009000000050017000090080041000260200023000670200023000900400018001130820020001311000018001512450120001692600048002893000020003376500026003576500030003836500027004136500036004409420006004769520092004829990013005741187567920240311015445.0991223s2000 maua b 001 0 eng  a0896086178 (paper) a0896086186 (cloth) aDLCcDLCdDLC00a331.4221bDIS.1 aChang, Grace,10aDisposable domestics :bimmigrant women workers in the global economy /cGrace Chang ; foreword by Mimi Abramovitz. aCambridge, Mass. :bSouth End Press,c2000. axviii, 235 p. : 0aWomen foreign workers 0aWomen household employees 0aForeign workers, Asian 0aForeign workers, Latin American cL 001040708LaWERCLbWERCLd2024-03-11l0o331.4 DIS.p4329r2024-03-11w2024-03-11yL c564d564